Matsuri to kamigami no sekai : Nihon engeki no genryū /
Saved in:
| Main Author: | |
|---|---|
| Other Authors: | |
| Format: | Book |
| Language: | Japanese |
| Published: |
Tōkyō :
Nihon Hōsō Shuppan Kyōkai,
Shōwa 54 [1979]
|
| Series: | NHK bukkusu. Karāban ;
C6 |
| Subjects: | |
| Tags: |
Add Tag
No Tags, Be the first to tag this record!
|
| LEADER | 00745cam a2200229Ia 4500 | ||
|---|---|---|---|
| 001 | 007721012-3 | ||
| 005 | 20020606104010.5 | ||
| 008 | 810622s1979 ja a 000 0 jpn | ||
| 010 | |a 80806058 | ||
| 035 | 0 | |a ocm07518522 | |
| 040 | |a DLC |c OSU |d OSU |d NDD |d YNH | ||
| 050 | |a GT4884.A2 |b M474 | ||
| 100 | 1 | |a Misumi, Haruo, |d 1927- | |
| 245 | 1 | 0 | |a Matsuri to kamigami no sekai : |b Nihon engeki no genryū / |c Misumi Haruo ; shashin Watanabe Yoshimasa. |
| 260 | |a Tōkyō : |b Nihon Hōsō Shuppan Kyōkai, |c Shōwa 54 [1979] | ||
| 300 | |a 154 p. : |b ill. (some col.) ; |c 19 cm. | ||
| 490 | 0 | |a NHK bukkusu. Karāban ; |v C6 | |
| 650 | 0 | |a Festivals |z Japan. | |
| 650 | 0 | |a Theater |x Origin. | |
| 700 | 1 | |a Watanabe, Yoshimasa, |d 1933- | |
| 988 | |a 20020608 | ||
| 906 | |0 DLC | ||


